Singapore electronics industry directory 2014/2015.
| Format: | Book |
|---|---|
| Published: |
Singapore:
Marshall Cavendish Business Information,
2014.
|
| Edition: | 17th Edition. |
| Subjects: |
| LEADER | 00482cam a2200145 7i4500 | ||
|---|---|---|---|
| 001 | 0000032707 | ||
| 005 | 20160106090000.0 | ||
| 022 | 0 | 0 | |a 0219449X |
| 090 | 0 | 0 | |a 0219449X |
| 245 | 0 | 0 | |a Singapore electronics industry directory 2014/2015. |
| 250 | 0 | 0 | |a 17th Edition. |
| 260 | 0 | 0 | |a Singapore: |b Marshall Cavendish Business Information, |c 2014. |
| 300 | # | # | |a 268 pages. |
| 650 | 0 | 0 | |a Electronics industry -- |x Directories -- |z Singapore |
| 999 | |a B000036730 |b Directories |c Countries |e Business Information Centre | ||